Stonecutters Lyrics the Simpsons - Statistics

General Stats
  • This quiz has been taken 8 times
  • The average score is 48 of 62
Answer Stats
Lyric % Correct
Do
100%
Do
100%
Do
100%
Do
100%
Do
100%
Do
100%
Do
100%
Do
100%
The
100%
The
100%
The
100%
The
100%
The
100%
We
100%
We
100%
We
100%
We
100%
We
100%
We
100%
We
100%
We
100%
Who
100%
Who
100%
Who
100%
Who
100%
Who
100%
Who
100%
Who
100%
Who
100%
Down
83%
Keeps
83%
Keeps
83%
Keeps
83%
Makes
83%
Metric
83%
System
83%
Back
67%
British
67%
Car
67%
Controls
67%
Crown
67%
Electric
67%
Martians
67%
Star
67%
A
50%
Every
50%
Guttenburg
50%
Holds
50%
Night
50%
Oscar
50%
Rigs
50%
Steve
50%
Under
50%
Wraps
50%
Atlantis
33%
Cavefish
33%
Maps
33%
Of
33%
Off
33%
Robs
33%
Sight
33%
Their
33%
No matching quizzes found
Score Distribution
Percent of People with Each Score
Percentile by Number Answered
Your Score History
You have not taken this quiz